000 00355pam a2200157a 44500
008 230515b2012 xxu||||| |||| 00| 0 eng d
020 _aNULL
041 _aENGLISH
082 _a1
100 _aBABU
245 _aRECIEW IN COMMUNITY MEDICINE
250 _a1
260 _aNULL
_bN.D.
_c2012
300 _a200
650 _aRECIEW IN COMMUNITY MEDICINE
999 _c497465
_d497465